| 000 | 00558nam a22001937a 4500 | ||
|---|---|---|---|
| 999 |
_c155062 _d155062 |
||
| 005 | 20190306160838.0 | ||
| 010 | _aB-214273 , B-214278 | ||
| 020 |
_c150.00 _a9780143027881 |
||
| 035 | _aB-214273 B-214278,B-214275 | ||
| 037 | _bBPPD/PUB | ||
| 082 |
_aN _bDES |
||
| 100 | _aSouza, Eunice de | ||
| 245 |
_aDangerlok _cEunice de Souza |
||
| 260 |
_aNew Delhi _bPenguin Book India _c2001 |
||
| 270 |
_bNew Delhi _a11, Community Centre, Panchsheel Park |
||
| 300 |
_a114p. _c20cm(pbk) |
||
| 942 |
_2ddc _cEN _hN _mDES |
||